Disposal of the dead (Record no. 151614)

MARC details
000 -LEADER
fixed length control field 00710nam a2200217Ia 4500
008 - FIXED-LENGTH DATA ELEMENTS--GENERAL INFORMATION
fixed length control field 191130s2009##################000#0#eng##
020 ## - INTERNATIONAL STANDARD BOOK NUMBER
ISBN 9780737740929
082 ## - DEWEY DECIMAL CLASSIFICATION NUMBER
Classification number 393.9 HEN
245 ## - TITLE STATEMENT
Title Disposal of the dead
Statement of responsibility, etc Diane Andrews Henningfield, editor
260 ## - PUBLICATION, DISTRIBUTION, ETC. (IMPRINT)
Place of publication Farmington Hills, MI
Name of publisher Greenhaven Press
Year of publication c2009
300 ## - PHYSICAL DESCRIPTION
Number of Pages 119 p. ; 24 cm
500 ## - GENERAL NOTE
General note Includes bibliographical references (p. 110-113) and index
650 ## - SUBJECT ADDED ENTRY--TOPICAL TERM
Topical Term Burial - Juvenile literature
Topical Term Funeral rites and ceremonies - Juvenile literature
700 ## - ADDED ENTRY--PERSONAL NAME
Personal name Henningfield, Diane Andrews
991 ## -
-- 346095
Holdings
Withdrawn status Lost status Damaged status Not for loan Home library Current library Date acquired Full call number Accession Number Price effective from Koha item type
        Anna Centenary Library Anna Centenary Library 12.10.2020 393.9 HEN 204621 12.10.2020 English Books

Find us on the map